| 000 | 01234nam a2200361 c 4500 | ||
|---|---|---|---|
| 001 | 19690 | ||
| 003 | ES-MaCES | ||
| 005 | 20150925135637.0 | ||
| 008 | 070206s2006 sp t 000 | spa d | ||
| 017 |
_aSE 5158-2006 _bDL |
||
| 020 | _a8496378322 | ||
| 035 | _aCES20070000482m | ||
| 040 |
_aES-MaCES _bspa _cES-MaCES |
||
| 245 | 0 | 4 |
_aLas relaciones laborales en las pequeñas empresas en Europa _cJesús Cruz Villalón (coordinador) |
| 260 |
_aSevilla _bConsejo Andaluz de Relaciones Laborales _bMergablum _c[2006] |
||
| 300 |
_a424 p. _c24 cm |
||
| 490 | 1 |
_aMonografías de temas laborales _v28 |
|
| 541 | _cGratuito | ||
| 650 | 4 |
_anegociación colectiva _928362 |
|
| 650 | 4 |
_apequeña empresa _930173 |
|
| 650 | 4 |
_aderecho del trabajo _927165 |
|
| 650 | 4 |
_arégimen jurídico _929894 |
|
| 650 | 4 |
_aEuropa _926940 |
|
| 650 | 4 |
_aestudio de casos _928846 |
|
| 653 | 1 | 0 | _aRelaciones laborales-Empleo |
| 650 | 4 |
_928369 _arelaciones laborales |
|
| 700 | 1 |
_aCruz Villalón, Jesús _ecol. _910216 |
|
| 710 | 2 |
_aConsejo Andaluz de Relaciones Laborales _eed. _92337 |
|
| 830 | 0 |
_aMonografías de temas laborales _v28 _933850 |
|
| 902 | _aLIB Libro | ||
| 942 |
_2CES _cBK _h2.0. |
||
| 999 |
_c19690 _d19690 |
||